Normal view
MARC view
Entry Geographic Name
001 - CONTROL NUMBER
- control field: 46367
003 - CONTROL NUMBER IDENTIFIER
- control field: OSt
005 - DATE AND TIME OF LATEST TRANSACTION
- control field: 20180718145658.0
008 - FIXED-LENGTH DATA ELEMENTS
- fixed length control field: 180718|| aca||aabn | a|a d
040 ## - CATALOGING SOURCE
- Original cataloging agency: OSt
- Transcribing agency: OSt
151 ## - HEADING--GEOGRAPHIC NAME
- Geographic name: Sudan
- General subdivision: History
- Chronological subdivision: 1899-1956
- General subdivision: Congresses.
670 ## - SOURCE DATA FOUND
- Source citation: Work cat.: (OSt)0: Part of the proceedings of the Conference on the Nationalist Movement in the Sudan, held on 8-15 January 1986 /, c1989.
